Welcome to the Holygrace Academy Library

Please use search bar below to get started

THEEKKUNIKKAVITHAKAL (Record no. 4370)

MARC details
000 -LEADER
fixed length control field 00316nam a22001457a 4500
020 ## - INTERNATIONAL STANDARD BOOK NUMBER
ISBN 81-269-1314-X
082 ## - DEWEY DECIMAL CLASSIFICATION NUMBER
Classification number 894.812.1
Item number THE/T
100 ## - MAIN ENTRY--AUTHOR NAME
Personal name THEEKKUNI, PAVITHRAN
245 ## - TITLE STATEMENT
Title THEEKKUNIKKAVITHAKAL
260 ## - PUBLICATION, DISTRIBUTION, ETC. (IMPRINT)
Place of publication KOTTAYAM
Name of publisher DC BOOKS
Year of publication 2016
300 ## - PHYSICAL DESCRIPTION
Number of Pages 175
520 ## - SUMMARY, ETC.
Summary, etc POETRY
650 ## - SUBJECT ADDED ENTRY--TOPICAL TERM
Topical Term POETRY
942 ## - ADDED ENTRY ELEMENTS (KOHA)
Koha item type Books

No items available.